Estadísticas para Países más poblados en el 1900

Haz click aquí para intentar la prueba.

Estadísticas generales

  • Esta prueba ha sido intentada 3.150 veces
    (2.664 desde el último reinicio)
  • La puntuación promedio es 17 de 22

Estadísticas de respuestas

PoblaciónPaís o Imperio% Correcto
415 mChina
99%
89.6 mEstados Unidos
97%
137 mRusia
97%
18.7 mEspaña
96%
384 mImperio Británico
96%
78.9 mImperio Francés
95%
67.1 mAlemania
94%
12.1 mMéxico
91%
17.0 mBrasil
90%
42.0 mJapón
90%
32.0 mItalia
89%
5.8 mArgentina
83%
12.5 mImperio Portugués
74%
51.4 mAustria-Hungría
68%
51.3 mImperio Neerlandés
65%
30.9 mImperio Otomano
61%
6.1 mBélgica
59%
7.0 mPersia
58%
12.0 mCorea
57%
7.2 mSiam
43%
8.1 mMarruecos
35%
6.6 mRumania
31%

Distribución de puntuación

Porcentaje por número respondido

Porcentaje de gente con cada puntuación

Historial de tus puntuaciones

No has intentado esta prueba desde el último reinicio